000 01703nam0a22003731 4500
001 v19\rc\1492620
005 20250618195955.0
035 _a(NLR Aleph) 004687108
090 _a3885515
_c3885515
100 _a20060620d1881 |||y0rusy50 ca
101 0 _arus
102 _aRU
105 _aa z |||c|
200 1 _aБоевые и походные порядки кавалерии
_e(Такт. очерк)
_fСост. К.Д. и В.С.
210 _aСанкт-Петербург
_cтип. Штаба войск Гвардии и Петерб. воен. окр.
_d1881
215 _a[4], 79 с., 1 л. черт.
_d21
300 _aАвт. в кн. не указаны; установлены по изд.: Н.П. Глиноецкий. Исторический очерк Николаевской академии Генерального штаба. Спб., 1882.; Рус. аноним. и подпис. псевд. произведения печати, 1801-1926. Л., 1977. Вып. 1. С. 23
700 1 _9z01790
_aДуроп
_bК.Н.
_f1843-1911
_gКонстантин Николаевич
_4220
701 1 _9z02790
_aСухомлинов
_bВ.А.
_f1848-1926
_gВладимир Александрович
_4220
790 0 _9z01700
_aК.Д.
_f1843-1911
790 0 _9z02701
_aВ.С.
_f1848-1926
801 0 _aRU
_bNLR
_gpsbo
801 0 _aRU
_bRuMoRGB
_2psbo
801 1 _aRU
_bProSoft-M
_2rusmarc
852 _aNLR
_j18.160.3.236
899 _aRuMoRGB
_jT 15/877
899 _aRuMoRGB
_jΔ 505/318
899 _aRuMoRGB
_jΔ 41/22
899 _aRuMoRGB
_jΔ 364/71
899 _aRuMoRGB
_jΔ 359/355
899 _aRuMoRGB
_jПриплет к Ъ 19/99
899 _aБАН
942 _cBOOK
980 _aNB